[Event "HCL-E020"]
[Site "www.playchess.de"]
[Date "2001.04.12"]
[Round "35"]
[White "Pete"]
[Black "tyhee"]
[WhiteElo "1998"]
[BlackElo "2060"]
[PlyCount "49"]
[Result "1/2-1/2"]

1.f4 {Hi Bob, I couldn't resist joining, 
especially with just one seat left.}  c5 {and the 
chance to play someone rated 2600.  :) i bet u 
play the dutch ag. 1. d4?}  2.Nf3 {I only play the 
dutch when I get an extra tempo. Against d4 I play 
Old Indian. How about you?}  Nf6 {figured ur 
Bird's wld go with a Dutch.  in otb i play 
grunfeld or qgaccepted, here i'll experiment.}  
3.b3 g6 4.Bb2 Bg7 5.e3 O-O {i may be moving slowly 
soon-way too many games}  6.Be2 {That's fine. BTW, 
it seems to me you've been overly modest given 
your recent results.}  Nc6 7.O-O d6 8.c4 e5 9.fxe5 
Ng4 10.Nc3 dxe5 11.Ne1 f5 12.Bxg4 fxg4 13.Qe2 
Rxf1+ 14.Kxf1 Bf5 15.Nd5 {Sorry for the delay, I 
was on holiday plus this position is hard!}  Qf8 
16.Kg1 e4 17.Bxg7 Qxg7 18.Rb1 Rf8 19.d3 
{Congratulations on your win vs d2d4! You 
certainly look like an expert to me.}  Qe5 {thx, 
but d2d4 just missed a tactical shot, and my 
midgame planning isn't expert level}  20.dxe4 
{Well, your planning seems to be working out ok in 
this game.}  Bxe4 {it isn't working so well 
against goofy-i think i'm in trouble there}  
21.Nd3 {Goofy is tough and pretty scary 
tactically. So far I'm surviving against him.}  
Bxd3 22.Qxd3 g3 23.hxg3 Qxg3 24.Rf1 Qe5 
25.Rxf8+ 1/2-1/2

[Event "HCL-C175"]
[Site "www.playchess.de"]
[Date "2001.04.12"]
[Round "5"]
[White "soymilk"]
[Black "cmacsweeny"]
[WhiteElo "1211"]
[BlackElo "1801"]
[PlyCount "54"]
[Result "1/2-1/2"]

1.Nf3 d5 2.g3 Nf6 3.Bg2 c5 4.O-O b6 5.b3 Bb7 6.Bb2 
Nc6 7.Bxf6 exf6 8.d3 Bd6 9.Nbd2 Ne5 10.Re1 O-O 
11.c3 Nxf3+ 12.Bxf3 Qd7 13.d4 cxd4 14.cxd4 f5 
15.Rc1 f4 16.Rc2 fxg3 17.hxg3 Bb4 18.e3 Rac8 
19.Bg4 f5 20.Bh3 Ba6 21.Bf1 Rxc2 22.Qxc2 Rc8 
23.Qd1 Bb5 24.Bxb5 Qxb5 25.Rf1 Qa5 26.Nf3 Qxa2 
27.Qd3 g6 1/2-1/2

[Event "HCL-A075"]
[Site "www.playchess.de"]
[Date "2001.04.12"]
[Round "26"]
[White "CheckMaster"]
[Black "kondor"]
[WhiteElo "1700"]
[BlackElo "1590"]
[PlyCount "66"]
[Result "0-1"]

1.c4 c5 2.Nc3 Nc6 3.g3 g6 4.Bg2 Bg7 5.e3 e5 6.Nge2 
Nge7 7.a3 O-O 8.O-O d6 9.Rb1 a5 10.Nb5 Be6 11.d3 
d5 12.cxd5 Bxd5 13.e4 Ba2 14.Ra1 Be6 15.f4 c4 
16.f5 gxf5 17.exf5 Nxf5 18.Nec3 Nfd4 19.dxc4 Bxc4 
20.Nxd4 exd4 21.Ne4 Bxf1 22.Qxf1 d3 23.Be3 Bxb2 
24.Rd1 Ne5 25.Bh6 Qb6+ 26.Qf2 Bd4 27.Bf4 Bxf2+ 
28.Nxf2 Ng4 29.Rf1 Nxf2 30.Rxf2 Rac8 31.g4 Rc2 
32.Bg3 Rxf2 33.Bxf2 Qb1+ 0-1

[Event "HCL-A079"]
[Site "www.playchess.de"]
[Date "2001.04.12"]
[Round "20"]
[White "Gorodish"]
[Black "chessnut"]
[WhiteElo "1699"]
[BlackElo "2020"]
[PlyCount "67"]
[Result "1/2-1/2"]

1.e4 e5 2.Nf3 f5 3.Nxe5 Qf6 4.d4 d6 5.Nc4 fxe4 
6.Nc3 Qg6 7.f3 exf3 8.Qxf3 Nf6 9.Bd3 Qg4 10.Qxg4 
Bxg4 11.Bg5 Be7 12.Bxf6 Bxf6 13.Nd5 Kd8 14.Nxf6 
gxf6 15.O-O Nd7 16.Rae1 Bh5 17.Be4 Rb8 18.Ne3 c6 
19.Bf5 Kc7 20.Bxd7 Kxd7 21.Rxf6 Rbe8 22.c3 b5 
23.a4 a6 24.a5 Re4 25.Nc2 Rxe1+ 26.Nxe1 Ke7 27.Rf2 
Bg6 28.Re2+ Kd7 29.b4 Rc8 30.Kf2 c5 31.dxc5 dxc5 
32.Nf3 cxb4 33.cxb4 Kd6 34.Rd2+ {I have won A-094, 
so I can offer draw!}  1/2-1/2

[Event "HCL-E024"]
[Site "www.playchess.de"]
[Date "2001.04.12"]
[Round "8"]
[White "Aetos"]
[Black "SG42699"]
[WhiteElo "2000"]
[BlackElo "2000"]
[PlyCount "56"]
[Result "0-1"]

1.e4 e5 2.Nf3 Nc6 3.Bb5 a6 4.Bxc6 dxc6 5.O-O f6 
6.d4 Bg4 7.dxe5 Qxd1 8.Rxd1 fxe5 9.Rd3 Bd6 10.h3 
Bxf3 11.Rxf3 Nf6 12.Nc3 Bb4 13.Bg5 Bxc3 14.Bxf6 
gxf6 15.Rxc3 O-O-O 16.Rd3 Rxd3 17.cxd3 Rd8 18.Rd1 
c5 19.b3 b5 20.Kf1 c4 21.Ke2 c3 22.b4 Rd4 23.a3 c5 
24.bxc5 Ra4 25.Ra1 b4 26.Kd1 Rxa3 27.Rb1 b3 28.Kc1 
a5 0-1

[Event "HCL-A082"]
[Site "www.playchess.de"]
[Date "2001.04.12"]
[Round "7"]
[White "paule"]
[Black "Eduardo"]
[WhiteElo "1960"]
[BlackElo "1900"]
[PlyCount "35"]
[Result "1/2-1/2"]

1.e4 e5 2.Nf3 Nc6 3.Bb5 a6 4.Ba4 d6 5.c3 Bd7 6.d4 
g6 7.O-O Bg7 8.dxe5 dxe5 9.Bg5 Nge7 10.Nbd2 h6 
11.Be3 b6 12.Re1 O-O 13.Qe2 Qc8 14.Bc2 Be6 15.Nf1 
Qb7 16.Ng3 Rad8 17.Rad1 a5 18.b3 1/2-1/2

[Event "HCL-B184"]
[Site "www.playchess.de"]
[Date "2001.04.12"]
[Round "20"]
[White "Xina"]
[Black "iq160"]
[WhiteElo "1200"]
[BlackElo "1349"]
[PlyCount "32"]
[Result "0-1"]

1.e4 c5 2.Nf3 d6 3.d4 cxd4 4.Nxd4 Nf6 5.Nc3 g6 
6.Be3 Bg7 7.h3 a6 8.Bd3 Nc6 9.Nxc6 bxc6 10.Qd2 Rb8 
{und wer bist Du wirklich?}  11.b3 {Hi from 
Seattle  Ich spreche nicht Deutsch}  O-O 12.Bh6 
Bxh6 13.Qxh6 Qb6 14.Ne2 Nxe4 15.Bxe4 Qb4+ 16.Qd2 
Qxe4 0-1

[Event "HCL-A080"]
[Site "www.playchess.de"]
[Date "2001.04.12"]
[Round "3"]
[White "Blitzmich"]
[Black "chessnut"]
[WhiteElo "1844"]
[BlackElo "2066"]
[PlyCount "82"]
[Result "1/2-1/2"]

1.e4 {welcome!}  e5 2.f4 exf4 3.Nf3 d6 4.Bc4 h6 
5.d4 g5 6.O-O Bg7 7.Qd3 Ne7 8.Qb3 Rf8 9.c3 f5 
10.e5 Nbc6 11.exd6 Qxd6 12.Na3 a6 13.Bd3 g4 14.Ne1 
f3 15.gxf3 g3 16.f4 gxh2+ 17.Kxh2 Qf6 18.Nf3 Be6 
19.Bc4 Bxc4 20.Nxc4 O-O-O 21.Rg1 Qf7 22.Rg3 Nd5 
23.Bd2 Rfg8 24.Re1 Rdf8 25.Reg1 Bh8 26.Nce5 Bxe5 
27.dxe5 Rfe8 28.Qc4 Rxg3 29.Rxg3 Rg8 30.Rxg8+ Qxg8 
31.Nd4 Nxd4 32.Qxd4 Qf7 33.c4 Ne7 34.b3 Qh5+ 
35.Kg1 Qe2 36.Qe3 Qd1+ 37.Kg2 Qc2 38.Kg3 Nc6 39.e6 
Qd1 40.Kf2 Qh5 41.Bc3 Qh2+ 1/2-1/2

[Event "ACL-A100"]
[Site "www.playchess.de"]
[Date "2001.04.12"]
[Round "13"]
[White "Rparkes"]
[Black "jalal"]
[WhiteElo "1500"]
[BlackElo "1500"]
[PlyCount "135"]
[Result "1/2-1/2"]

1.d4 e6 2.c4 {Hola}  d5 3.Nc3 Nf6 4.Bg5 c6 5.e3 
Be7 6.Nf3 Qa5 7.Bxf6 Bxf6 8.Bd3 Nd7 9.O-O g5 
10.Nd2 h5 11.Nb3 Qd8 12.e4 Nb6 13.cxd5 cxd5 
14.exd5 Nxd5 15.Nxd5 Qxd5 16.Re1 Rb8 17.Rc1 Bd7 
18.Bc4 Qd6 19.d5 e5 20.Nd4 Kf8 21.Nb5 Bxb5 22.Bxb5 
Kg7 23.Ba4 Be7 24.Bb3 Bd8 25.Qe2 f6 26.Qe4 Bb6 
27.Bc2 Rh6 28.Red1 Bd4 29.Rcb1 Rc8 30.Bb3 a5 
31.Qf5 Rc5 32.Rbc1 b6 33.Rxc5 bxc5 34.Bc4 Kf7 
35.b3 Ke7 36.Qc8 Qb6 37.Qg8 f5 38.Qg7+ Kd8 39.Qf8+ 
Kc7 40.Qg7+ Kb8 41.Qxg5 f4 42.Qg8+ Kc7 43.Qg7+ Kd8 
44.Bb5 Rd6 45.Bc6 Kc8 46.Qf8+ Qd8 47.Qf7 Qc7 
48.Qxh5 Kb8 49.Rd3 Ka7 50.Rh3 Kb6 51.Qe2 Rxc6 
52.dxc6 Qxc6 53.Qf3 Qg6 54.Qd3 e4 55.Qf1 e3 56.a4 
exf2+ 57.Kh1 Qc6 58.Rf3 Be3 59.Rxf2 Bxf2 60.Qxf2 
Qe4 61.h4 Qb1+ 62.Kh2 Qxb3 63.Qxf4 c4 64.Qd6+ Ka7 
65.Qc7+ Ka6 66.Qc6+ Ka7 67.Qc7+ Ka6 
68.Qc6+ 1/2-1/2

[Event "HCL-C202"]
[Site "www.playchess.de"]
[Date "2001.04.12"]
[Round "3"]
[White "belgianaztec"]
[Black "papino"]
[WhiteElo "1000"]
[BlackElo "1000"]
[PlyCount "113"]
[Result "1-0"]

1.e4 c5 {Hello! Best wishes for the game.}  2.Nf3 
{Greetings from Mexico !}  d6 3.Nc3 Nf6 4.d4 cxd4 
5.Nxd4 g6 6.Be3 Bg7 7.f3 O-O 8.Qd2 a6 9.O-O-O Nc6 
10.g4 {I will go to work and live at Brussels on 
Wednesday !}  Nxd4 11.Bxd4 b5 12.g5 Ne8 13.h4 Bxd4 
14.Qxd4 Ng7 15.Nd5 Be6 16.Bh3 {Let's resume our 
play !}  Bxh3 17.Rxh3 Nh5 18.f4 f6 19.f5 fxg5 
20.hxg5 e6 21.fxg6 Qxg5+ 22.Kb1 hxg6 23.Rg1 exd5 
24.a3 Qh6 25.Qxd5+ Kh7 26.Qxd6 Ra7 27.e5 Re8 
28.Rgh1 Rae7 29.Qxa6 R7xe5 30.Qb7+ Qg7 31.Qc6 Qf7 
32.Rd3 R8e6 33.Qg2 Kg7 34.Qh3 R5e1+ 35.Rd1 Rxd1+ 
36.Rxd1 Qe8 37.c4 Re1 38.Qc3+ Re5 39.Rd5 Kf6 
40.Rxb5 Qe6 41.Qd4 Kf5 42.Rb6 Re1+ 43.Ka2 Qe4 
44.Rb5+ Kf4 45.Qxe4+ Rxe4 46.c5 Rc4 47.Kb3 Rc1 
48.Rb4+ Kf5 49.Rc4 Rxc4 50.Kxc4 Ke6 51.b4 Nf6 
52.a4 Nd7 53.a5 Ne5+ 54.Kb5 Kd7 55.Kb6 Nc4+ 56.Kb7 
g5 57.a6 1-0

[Event "HCL-B202"]
[Site "www.playchess.de"]
[Date "2001.04.12"]
[Round "3"]
[White "Pietros"]
[Black "Colm"]
[WhiteElo "1290"]
[BlackElo "1283"]
[PlyCount "68"]
[Result "0-1"]

1.e4 e5 2.Bc4 Nf6 3.Nf3 Nc6 4.Nc3 Bb4 5.O-O O-O 
6.b3 Bxc3 7.dxc3 Nxe4 8.Bb2 d6 9.Bd5 Bf5 10.Qe2 
Nc5 11.Bxc6 bxc6 12.c4 Ne6 13.Qe3 c5 14.Rad1 Qe7 
15.h3 Bxc2 16.Rd2 Bg6 17.Rc1 f5 18.Re1 e4 19.Nh2 
f4 20.Qc3 Nd4 21.Nf3 Nxf3+ 22.Qxf3 Rae8 23.Rde2 
Qg5 24.Qc3 Bf5 25.g4 Bxg4 26.hxg4 Qxg4+ 27.Kf1 f3 
28.Qxg7+ Qxg7 29.Bxg7 fxe2+ 30.Rxe2 Kxg7 31.a4 e3 
32.a5 h5 33.a6 h4 34.Kg2 Rxf2+ 0-1

[Event "HCL-E034"]
[Site "www.playchess.de"]
[Date "2001.04.12"]
[Round "2"]
[White "paule"]
[Black "Werner"]
[WhiteElo "2031"]
[BlackElo "1895"]
[PlyCount "69"]
[Result "1/2-1/2"]

1.e4 {Çäðàâñòâóéòå, Andry! Ðàä ýòîé âñòðå÷å (õîòÿ 
5+1 ÿ íå ðèñêóþ èãðàòü îáû÷íî). Çàùèòà Àëåõèíà?}  
Nf6 {Çäðàâñòâóéòå Ïàâåë! Äà êîíå÷íî...:-)))}  2.e5 
{Áëàãîäàðÿ âàøèì ñòàðàíèÿì,ÿ áóäó èãðàòü òàê 
íàç-ìóþ "Ñîâðåìåííóþ ñèñòåìó" (Áàãèðîâ). 2-ÿ èãðà 
â ÇÀ:)}  Nd5 {:-)) Óñïåõîâ!!!}  3.d4 {Ìîæíî ëè 
îáðàòèòüñÿ ê âàì ñ âîïðîñîì (âîïðîñàìè) ïî 
e-mail?}  d6 4.Nf3 g6 5.Bc4 Nb6 6.Bb3 a5 7.e6 Bxe6 
8.Bxe6 fxe6 9.Ng5 {Âû ïîëó÷èëè ìîå ïèñüìî subj "Î 
Êîðîëåâñêîì ãàìáèòå..."?}  Nc6 {Äà Ïàâåë, ïîëó÷èë. 
Êàê òîëüêî âîçìîæíîñòü îòâå÷ó. :-))}  10.Nxe6 
{Îïÿòü ÿ ÷òî-òî íå òî íàèãðàë? Íàäî áûëî ïðîñòî 
7.a4?}  Qd7 {Íå çíàþ, íå çíàþ...}  11.Qe2 {Ò.å. 
ýòî íå òåîðåòè÷åñêèé âàðèàíò?}  Nd8 12.Nxf8 Rxf8 
13.O-O Nc6 14.Rd1 d5 15.Na3 O-O-O 16.Be3 Qf5 17.c3 
g5 18.b3 g4 19.Bh6 Rf6 20.Qe3 Rdd6 21.Bg5 Rde6 
22.Qd2 Rfg6 23.Bf4 Re4 24.Bg3 Rge6 25.Nb5 R4e2 
26.Qf4 Qxf4 27.Bxf4 Rf6 28.Bg3 Na8 29.Kf1 Rc2 
30.Rde1 Kd7 31.Re2 Rxe2 32.Kxe2 Nd8 33.a4 Ne6 
34.Na3 Nb6 35.Nc2 1/2-1/2

[Event "HCL-C201"]
[Site "www.playchess.de"]
[Date "2001.04.12"]
[Round "23"]
[White "Toady"]
[Black "Defcon_One"]
[WhiteElo "1000"]
[BlackElo "1000"]
[PlyCount "27"]
[Result "1-0"]

1.e4 Nf6 {good luck}  2.Nc3 {Good luck to you too} 
 Nc6 3.Bc4 Nd4 4.Nge2 c5 5.Nxd4 cxd4 6.Nd5 Nxe4 
7.O-O e6 8.Nf4 Bd6 9.Nd3 b6 10.f3 Nc5 11.Nxc5 bxc5 
12.c3 O-O {sorry i took so long}  13.cxd4 {No 
problem}  cxd4 {sorry i took so long}  
14.Bd3 1-0

[Event "ACL-A110"]
[Site "www.playchess.de"]
[Date "2001.04.12"]
[Round "9"]
[White "flywheel"]
[Black "chessnut"]
[WhiteElo "1500"]
[BlackElo "1701"]
[PlyCount "44"]
[Result "0-1"]

1.e4 e5 2.Nf3 f5 3.Nxe5 Qf6 4.d4 d6 5.Nf3 fxe4 
6.Ng5 d5 7.Nc3 c6 8.Be2 h6 9.Nh3 Bxh3 10.gxh3 Nd7 
11.Rg1 O-O-O 12.Bg4 Bd6 13.f4 h5 14.Be2 Qh4+ 
15.Rg3 g5 16.Bg4 gxf4 17.Bxd7+ Rxd7 18.Kf2 fxg3+ 
19.hxg3 Qxg3+ 20.Ke2 Qf3+ {It appears that you are 
in a Forced Mate!}  21.Ke1 Bg3+ 22.Kd2 {yes been a 
good game, we will play again sometime:)}  Qf4+ 
{Yes, I'm sure that we will play again! Good luck 
in your other games!}  0-1

[Event "HCL-B202"]
[Site "www.playchess.de"]
[Date "2001.04.12"]
[Round "25"]
[White "uneek"]
[Black "Karl"]
[WhiteElo "1191"]
[BlackElo "1108"]
[PlyCount "39"]
[Result "1-0"]

1.d4 {Hello!}  d5 2.Nf3 Nf6 3.e3 Nc6 4.Bd3 Bg4 
5.Nbd2 Bxf3 6.Nxf3 e6 7.O-O Bd6 8.b3 O-O 9.Bb2 Re8 
10.Ne5 Bxe5 11.dxe5 Nd7 12.f4 f6 13.Qh5 g6 14.Bxg6 
hxg6 15.Qxg6+ Kf8 16.exf6 Qxf6 17.Bxf6 Nxf6 
18.Qxf6+ Kg8 19.Rf3 Ref8 20.Rg3+ 1-0

[Event "HCL-E033"]
[Site "www.playchess.de"]
[Date "2001.04.12"]
[Round "8"]
[White "paule"]
[Black "KARFOPOULOS"]
[WhiteElo "1994"]
[BlackElo "2330"]
[PlyCount "39"]
[Result "1/2-1/2"]

1.e4 c5 {GOOD LUCK!!PRIVET.}  2.c3 {Privet! 
Udachnogo vystupleniya!!}  Nf6 {THE GAME WILL BE 
GREAT!!!!}  3.e5 Nd5 4.Nf3 Nc6 5.d4 cxd4 6.cxd4 d6 
7.Bc4 dxe5 8.dxe5 Ndb4 9.Qb3 e6 10.O-O Be7 11.Nc3 
a6 12.Rd1 Bd7 13.Ne4 Na5 14.Qc3 Nxc4 15.Qxc4 Nd5 
16.Qb3 O-O 17.Qxb7 Bb5 18.Bg5 Bxg5 19.Nfxg5 h6 
20.a4 1/2-1/2

[Event "HCL-E026"]
[Site "www.playchess.de"]
[Date "2001.04.12"]
[Round "3"]
[White "Fox"]
[Black "peze2"]
[WhiteElo "2000"]
[BlackElo "2354"]
[PlyCount "22"]
[Result "0-1"]

1.d4 Nf6 2.c4 e6 3.Nc3 Bb4 4.e3 b6 5.Nge2 c5 6.a3 
Ba5 7.Rb1 Na6 8.Bd2 O-O 9.dxc5 bxc5 10.Nf4 Bb7 
11.Nb5 Bxd2+ 0-1

[Event "HCL-E033"]
[Site "www.playchess.de"]
[Date "2001.04.12"]
[Round "17"]
[White "paule"]
[Black "nepper"]
[WhiteElo "1994"]
[BlackElo "1619"]
[PlyCount "27"]
[Result "1/2-1/2"]

1.e4 c6 2.d4 d5 3.Nc3 dxe4 4.Nxe4 Nf6 5.Nxf6+ gxf6 
6.Nf3 Bf5 7.Bf4 Nd7 8.Be2 Qb6 9.O-O O-O-O 10.Qc1 
Bg7 11.c4 e5 12.Be3 Bg6 13.Qc3 exd4 
14.Nxd4 1/2-1/2

[Event "HCL-C215"]
[Site "www.playchess.de"]
[Date "2001.04.12"]
[Round "8"]
[White "Ewie"]
[Black "pgschumy"]
[WhiteElo "693"]
[BlackElo "1051"]
[PlyCount "58"]
[Result "0-1"]

1.e4 c5 {hi!}  2.c3 Nc6 3.d4 cxd4 4.cxd4 a6 5.Bc4 
e6 6.d5 Na7 7.Nc3 b5 8.Bd3 Bb7 9.dxe6 dxe6 10.Nf3 
h6 11.O-O Bc5 12.Be3 Bxe3 13.fxe3 Nf6 14.e5 Nd5 
15.e4 Ne3 16.Qe1 Nxf1 17.Bxf1 O-O 18.Rd1 Qe7 
19.Ne2 Bxe4 20.Nf4 Bxf3 21.gxf3 Rfd8 22.Nh5 Rxd1 
23.Qxd1 Rd8 24.Qe1 Qg5+ 25.Ng3 Nc6 26.Bd3 Rxd3 
27.Qe4 Qe3+ 28.Qxe3 Rxe3 29.Kf2 
Rxe5 0-1

[Event "HCL-C216"]
[Site "www.playchess.de"]
[Date "2001.04.12"]
[Round "10"]
[White "Petra"]
[Black "Coney"]
[WhiteElo "1022"]
[BlackElo "1104"]
[PlyCount "100"]
[Result "0-1"]

1.e4 e5 2.Nf3 Nc6 3.Bc4 Nf6 4.Ng5 d5 5.exd5 Na5 
6.Bb5+ c6 7.dxc6 bxc6 8.Ba4 Nd5 9.Nc3 Nxc3 10.bxc3 
Qxg5 11.Qf3 Qg6 12.O-O Bb7 13.Re1 Bd6 14.d4 f6 
15.d5 Rc8 16.Rb1 Ba8 17.c4 O-O 18.Qg3 Qxg3 19.fxg3 
Nxc4 20.Kh1 cxd5 21.c3 Nb6 22.Bb3 Rxc3 23.Bd2 Rcc8 
24.g4 Kh8 25.Rbc1 Rxc1 26.Rxc1 d4 27.a4 Bd5 
28.Bxd5 Nxd5 29.Rc6 Bb8 30.Rc5 Ne3 31.a5 Nxg4 
32.a6 Nf2+ 33.Kg1 Ne4 34.Rb5 Nxd2 35.Rb2 Ne4 
36.Kf1 g5 37.Ke2 g4 38.Kd3 f5 39.g3 Nc5+ 40.Kc4 
Nxa6 41.Ra2 Rc8+ 42.Kd5 Nb4+ 43.Ke6 Nxa2 44.Kxf5 
d3 45.Kxg4 d2 46.Kh5 d1Q+ {%}  47.g4 e4 48.h4 Rc5+ 
49.Kh6 Bf4+ 50.g5 Rc6+ 0-1

[Event "HCL-E026"]
[Site "www.playchess.de"]
[Date "2001.04.12"]
[Round "16"]
[White "Rustaveli"]
[Black "paule"]
[WhiteElo "2000"]
[BlackElo "1994"]
[PlyCount "24"]
[Result "1/2-1/2"]

1.d4 Nf6 2.Bg5 Ne4 3.h4 {Hi! Do you speak English? 
Ya xorosho ne govoriu po-russki, toljko nemnogo 
ponimaiu.}  d5 {Hi! I very bad speak Eng. Otkuda 
znanie russkogo yazyka?}  4.e3 {Ya lingvist, 
uchilsja v universitete. Ho konechno, kak 
shaxmatist mne nuzhno nemnogo znatj...}  c5 {Vy 
prekrasno govorite po-russki. V nashej partii 
(igre) vy vybrali sravnitel'no redkij debyut:)}  
5.Nd2 {Nu, mozhet byt´. No grossmeister Hodgson iz 
Anglii chasto igraet tak... ;-)}  Qa5 {Ya ne 
znayu, chto zdes' rekomenduet teoriya, no irat' 5. 
... Nxg5 ya boyus':)}  6.c3 {Ty ne znaesh? Ob etom 
ya somnevaius´... ;-)}  Nxd2 {Ya vpervye igrayu 
etot debute... Ran'she tol'ko v blitze 
svtrechalsya :)}  7.Qxd2 Nc6 8.dxc5 Qxc5 9.O-O-O 
e5 10.h5 f6 11.Bh4 Be6 12.Kb1 Qa5 1/2-1/2

[Event "ACL-A120"]
[Site "www.playchess.de"]
[Date "2001.04.12"]
[Round "6"]
[White "urkizu"]
[Black "chico"]
[WhiteElo "1500"]
[BlackElo "1500"]
[PlyCount "43"]
[Result "1-0"]

1.d4 d5 2.c4 Nf6 3.cxd5 Nxd5 4.e4 Nf6 5.Bd3 e6 
6.Be3 c6 7.Nf3 Bb4+ 8.Nbd2 h6 9.O-O Bd7 10.Qb3 
Bxd2 11.Qxb7 Bxe3 12.fxe3 O-O 13.Qxa8 Qc7 14.Rac1 
c5 15.e5 Nd5 16.Rxc5 Nc6 17.Bh7+ Kxh7 18.Qxf8 Bc8 
19.Ng5+ Kg6 20.Rxf7 Nde7 21.Qxg7+ Kh5 
22.Nf3 1-0

[Event "HCL-C213"]
[Site "www.playchess.de"]
[Date "2001.04.12"]
[Round "34"]
[White "kazan"]
[Black "chico"]
[WhiteElo "1000"]
[BlackElo "1000"]
[PlyCount "75"]
[Result "1-0"]

1.e4 e5 2.Nf3 Nc6 3.Bb5 Nge7 4.d4 exd4 5.O-O d6 
6.Nxd4 Bd7 7.Bg5 Nxd4 8.Bxd7+ Qxd7 9.Qxd4 f6 
10.Be3 Nc6 11.Qc4 O-O-O 12.Nc3 a6 13.b4 b5 14.Qb3 
Re8 15.a4 bxa4 16.Rxa4 Nb8 17.b5 axb5 18.Ra8 c6 
19.Ba7 Qb7 20.Rxb8+ Qxb8 21.Bxb8 Kxb8 22.Nxb5 Kc8 
23.Na7+ Kc7 24.Rb1 Kd7 25.Qb7+ Ke6 26.Qxc6 Kf7 
27.Rb7+ Re7 28.Nc8 Rxb7 29.Qxb7+ Kg6 30.Qd7 Kh6 
31.Qe8 g6 32.Nxd6 Rg8 33.c4 Kh5 34.c5 Rh8 35.Nf7 
Rg8 36.c6 f5 37.e5 Kh4 38.e6 1-0

[Event "ACL-A117"]
[Site "www.playchess.de"]
[Date "2001.04.12"]
[Round "11"]
[White "Purple_Eagle00"]
[Black "Emro"]
[WhiteElo "1500"]
[BlackElo "1500"]
[PlyCount "50"]
[Result "0-1"]

1.e4 d5 2.exd5 Qxd5 3.Nc3 Qd8 4.d4 Nf6 5.Nf3 e6 
6.Bg5 Be7 7.Bc4 O-O 8.Qd2 Nbd7 9.O-O-O a6 10.d5 
exd5 11.Nxd5 Nxd5 12.Qxd5 c6 13.Qd2 h6 14.h4 b5 
15.Bb3 a5 16.Bxe7 Qxe7 17.Rhe1 Qf6 18.a4 Nc5 
19.axb5 Nxb3+ 20.cxb3 cxb5 21.Qc3 Qg6 22.g3 Bf5 
23.Ne5 Qb6 24.Qf3 Rac8+ 25.Kd2 Rc2+ {good bye} 
 0-1

[Event "ACL-A117"]
[Site "www.playchess.de"]
[Date "2001.04.12"]
[Round "16"]
[White "Tiger"]
[Black "Purple_Eagle00"]
[WhiteElo "1500"]
[BlackElo "1500"]
[PlyCount "57"]
[Result "1-0"]

1.e4 c5 2.Nf3 Nc6 3.d4 e6 4.Be3 Qb6 5.b3 Nf6 6.e5 
Nd5 7.Bc4 Nxe3 8.fxe3 d5 9.Bd3 c4 10.bxc4 dxc4 
11.Bxc4 Qb4+ 12.Nbd2 Qc3 13.Bd3 Nb4 14.Bb5+ Bd7 
15.Bxd7+ Kxd7 16.O-O Qxe3+ 17.Kh1 Rc8 18.c4 Nd3 
19.Qb3 Nf2+ 20.Rxf2 Qxf2 21.Rf1 Qe2 22.Re1 Qf2 
23.Ne4 Qxe1+ 24.Nxe1 b6 25.Nd3 Be7 26.Qa4+ Kd8 
27.Qxa7 Rxc4 28.Qxb6+ Ke8 29.Qb5+ 1-0

[Event "HCL-A101"]
[Site "www.playchess.de"]
[Date "2001.04.12"]
[Round "25"]
[White "Rifleman"]
[Black "mrchess"]
[WhiteElo "1497"]
[BlackElo "1558"]
[PlyCount "39"]
[Result "1/2-1/2"]

1.e4 {Have a good game.}  e5 {thanks, good luck}  
2.Nf3 Nf6 3.Nxe5 {:}  d6 4.Nxf7 Kxf7 5.Bc4+ Be6 
6.Bxe6+ Kxe6 7.d4 Be7 8.Qf3 Kd7 9.O-O Qe8 10.e5 
Nc6 11.exf6 Bxf6 12.c3 Qg6 13.Nd2 Rae8 14.Nc4 Re4 
15.Be3 b6 16.Rfe1 Rhe8 17.b4 a6 18.a4 Qg4 19.Qxg4+ 
Rxg4 20.h3 1/2-1/2

[Event "ACL-B001"]
[Site "www.playchess.de"]
[Date "2001.04.12"]
[Round "3"]
[White "Pietros"]
[Black "Gruhni"]
[WhiteElo "1460"]
[BlackElo "1414"]
[PlyCount "83"]
[Result "1/2-1/2"]

1.e4 c5 2.Nc3 g6 3.Bc4 Bg7 4.Qf3 e6 5.Nh3 Qf6 
6.Qxf6 Nxf6 7.d3 Nc6 8.O-O Nd4 9.Be3 Nxc2 10.Rad1 
Nxe3 11.fxe3 O-O 12.Nf2 d6 13.Nb5 Rd8 14.d4 b6 
15.dxc5 Ba6 16.cxd6 Bxb5 17.Bxb5 Nd7 18.Rd2 e5 
19.Rc1 Nc5 20.Rd5 Rac8 21.b4 Ne6 22.Rxc8 Rxc8 
23.d7 Rc1+ 24.Nd1 Nd8 25.Kf2 f6 26.Kf3 Bf8 27.a3 
Ra1 28.Bc4 Kg7 29.Rd3 Rc1 30.Nc3 Be7 31.Ba6 Kf8 
32.Nd5 Rc6 33.Rc3 Rxc3 34.Nxc3 Ne6 35.h4 Bd8 
36.Nb5 Ke7 37.Bc8 a5 38.Na7 Kd6 39.bxa5 bxa5 
40.Nb5+ Kc6 41.a4 Nc5 42.Nc3 1/2-1/2

[Event "HCL-C222"]
[Site "www.playchess.de"]
[Date "2001.04.12"]
[Round "13"]
[White "Pink_Elephant"]
[Black "Burra"]
[WhiteElo "1000"]
[BlackElo "1000"]
[PlyCount "51"]
[Result "1-0"]

1.d4 Nf6 2.Nc3 d6 3.Nf3 Nbd7 4.e4 g6 5.Bc4 Bg7 
6.Ng5 O-O 7.Bxf7+ Rxf7 8.Nxf7 Kxf7 9.Qe2 Nb6 
10.O-O Kg8 11.e5 Nfd5 12.Nxd5 Nxd5 13.Qe1 Qf8 
14.Qe4 c6 15.c4 Bf5 16.Qh4 Nb6 17.Bg5 Re8 18.Rfe1 
Nxc4 19.exd6 exd6 20.Re7 Rxe7 21.Bxe7 Qf7 22.b3 
Nd2 23.Bxd6 Qd5 24.Qd8+ Kf7 25.Qe7+ Kg8 {Stop 
doing this to me !}  26.Qe8+ 1-0

[Event "HCL-B231"]
[Site "www.playchess.de"]
[Date "2001.04.12"]
[Round "9"]
[White "Westqualmer"]
[Black "sanjeevs"]
[WhiteElo "1912"]
[BlackElo "1200"]
[PlyCount "69"]
[Result "1-0"]

1.d4 Nf6 2.c4 e6 3.Nc3 Bb4 4.e3 Bxc3+ 5.bxc3 c5 
6.Bd3 d6 7.Nf3 b6 8.e4 Bb7 9.Qc2 Nbd7 10.O-O g6 
11.Rb1 O-O 12.Bg5 Qc7 13.Rb2 d5 14.cxd5 exd5 15.e5 
Ne4 16.Be3 c4 17.Bxe4 dxe4 18.Ng5 Qc6 19.Rd1 Rae8 
20.Rb4 a5 21.Rb2 f5 22.d5 Qc8 23.e6 Nc5 24.d6 Qc6 
25.d7 Nd3 {hi}  26.Rxb6 Qd5 27.dxe8Q {%}  Rxe8 
28.Qa4 Re7 29.Rdb1 f4 30.Bd4 e3 31.R6xb7 exf2+ 
32.Kf1 Qxd4 33.Rxe7 Qd8 34.Qd7 Qa8 
35.Rg7+ 1-0

[Event "HCL-B215"]
[Site "www.playchess.de"]
[Date "2001.04.12"]
[Round "9"]
[White "Mulder_500"]
[Black "Sportman"]
[WhiteElo "1500"]
[BlackElo "599"]
[PlyCount "47"]
[Result "1/2-1/2"]

1.e4 g6 2.d4 Bg7 3.Nc3 d6 4.f4 e6 5.Nf3 Nf6 6.Bd3 
O-O 7.O-O Nbd7 8.Qe2 b6 9.Qf2 Bb7 10.h3 a6 11.e5 
Nd5 12.Nxd5 Bxd5 13.Be3 Qe7 14.Rae1 Rac8 15.c4 
Bxf3 16.Qxf3 c6 17.Red1 d5 18.cxd5 cxd5 19.Bxa6 
Rca8 20.Qe2 Qb4 21.Rdc1 Qa4 22.Bb5 Qa7 23.Rc3 Rfc8 
24.Bc6 1/2-1/2

[Event "HCL-M007"]
[Site "www.playchess.de"]
[Date "2001.04.12"]
[Round "7"]
[White "KING-OF-WAR"]
[Black "ARMAGEDON_8"]
[WhiteElo "2200"]
[BlackElo "2257"]
[PlyCount "26"]
[Result "0-1"]

1.e4 {Have a good game,loved the movie.}  e5 {GOOD 
LUCK,THE FIRST PERSON WHO UNDERSTOOD FROM WHERE I 
PICKED MY NICK-NAME}  2.Nf3 {;}  Nc6 3.Bb5 a6 
4.Bxc6 dxc6 5.O-O Qd6 6.d4 exd4 7.Qxd4 {I see a 
draw comeing but I don't draw}  Qxd4 8.Nxd4 {:}  
Bd7 9.Be3 O-O-O 10.Nc3 Bb4 11.Rab1 Bxc3 12.bxc3 
Re8 13.Nf5 h5 0-1

[Event "HCL-A100"]
[Site "www.playchess.de"]
[Date "2001.04.12"]
[Round "15"]
[White "Gorodish"]
[Black "tilki"]
[WhiteElo "1790"]
[BlackElo "1600"]
[PlyCount "77"]
[Result "1-0"]

1.c4 e5 {good luck}  2.Nc3 {all the best :-)}  Nc6 
3.e4 Bc5 4.Nf3 Nf6 5.a3 O-O 6.Be2 d6 7.h3 h6 8.d3 
Be6 9.b4 Bd4 10.Bb2 Nh5 11.b5 Na5 12.Nxd4 exd4 
13.Bxh5 dxc3 14.Bxc3 c6 15.Rb1 cxb5 16.Rxb5 b6 
17.Bxa5 bxa5 18.Qa4 Rb8 19.Qxa5 Qxa5+ 20.Rxa5 Rb1+ 
21.Bd1 Rfb8 22.O-O R8b2 23.Bf3 Rxf1+ 24.Kxf1 Rd2 
25.Be2 Rc2 26.Ke1 g6 27.Rxa7 f5 28.f3 Rc1+ 29.Kf2 
g5 30.Ra6 Kf7 31.Rxd6 h5 32.a4 g4 33.fxg4 fxg4 
34.hxg4 Rc2 35.Ke3 hxg4 36.a5 Rc3 37.Rc6 Kf6 
38.Bxg4 Ke5 39.Rxe6+ 1-0